Kautilya's Arthashastra : (Record no. 887)
[ view plain ]
| 000 -LEADER | |
|---|---|
| fixed length control field | 00663cam a2200193 4500 |
| 001 - CONTROL NUMBER | |
| control field | 1247 |
| 005 - DATE AND TIME OF LATEST TRANSACTION | |
| control field | 20181127162954.0 |
| 008 - FIXED-LENGTH DATA ELEMENTS--GENERAL INFORMATION | |
| fixed length control field | 051021s2005 ii b 000 0 eng |
| 020 ## - INTERNATIONAL STANDARD BOOK NUMBER | |
| International Standard Book Number | 9788184950298 |
| 043 ## - GEOGRAPHIC AREA CODE | |
| Geographic area code | a-ii--- |
| 245 00 - TITLE STATEMENT | |
| Title | Kautilya's Arthashastra : |
| Remainder of title | The way of financial management and economic governance. |
| 260 ## - PUBLICATION, DISTRIBUTION, ETC. | |
| Place of publication, distribution, etc. | Ahmedabad : |
| Name of publisher, distributor, etc. | Jaico Publishing House, |
| Date of publication, distribution, etc. | 2009. |
| 300 ## - PHYSICAL DESCRIPTION | |
| Extent | 168 p. ; |
| Dimensions | 23 cm. |
| 504 ## - BIBLIOGRAPHY, ETC. NOTE | |
| Bibliography, etc. note | Includes bibliographical references (167-68). |
| 600 00 - SUBJECT ADDED ENTRY--PERSONAL NAME | |
| Personal name | Kautilya. |
| Title of a work | Arthashastra. |
| 650 #0 - SUBJECT ADDED ENTRY--TOPICAL TERM | |
| Topical term or geographic name entry element | Political science |
| Geographic subdivision | India |
| General subdivision | History. |
| 651 ## - SUBJECT ADDED ENTRY--GEOGRAPHIC NAME | |
| Geographic name | India --Economic conditions. |
| Form subdivision | |
| General subdivision | |
| Chronological subdivision | |
| Geographic subdivision | |
| Source of heading or term | |
| Geographic name | India |
| General subdivision | Politics and government |
| Chronological subdivision | To 997. |
| Withdrawn status | Lost status | Source of classification or shelving scheme | Damaged status | Not for loan | Collection code | Home library | Current library | Shelving location | Date acquired | Serial Enumeration / chronology | Inventory number | Total Checkouts | Full call number | Barcode | Date last seen | Date last checked out | Price effective from | Koha item type |
|---|---|---|---|---|---|---|---|---|---|---|---|---|---|---|---|---|---|---|
| Dewey Decimal Classification | Main TEST | RTC Library | RTC Library | Main opac | 07/06/2022 | 4267 | 1 | 320.0109 KAU | 30005737 | 17/06/2022 | 07/06/2022 | 27/11/2018 | Main |